Intervención social en la resolución de conflictos : experiencia en CORECO, A.C. /

Saved in:
Bibliographic Details
Main Author: Orozco Pérez, Cecilia (autor)
Format: Thesis Book
Language:Español
Subjects:
Tags: Add Tag
No Tags, Be the first to tag this record!

MARC

LEADER 00000nam^a2200000^a^4500
001 000183524
005 20250521000000.0
009 20260310102044.649
037 |a Acervo ITESO - Biblioteca 
041 |a ESP 
090 |a CED. 113 
100 |a Orozco Pérez, Cecilia  |e (autor) 
245 1 0 |a Intervención social en la resolución de conflictos :  |b experiencia en CORECO, A.C. /  |c C. Orozco Pérez. 
264 |a Guadalajara, México :  |b edición de autor,  |c 2005 
300 |a 1 disco compacto de computadora 
336 |a datos para computadora  |b cod  |2 rdacontenido 
337 |a computadora  |b c  |2 rdamedio 
338 |a disco de computadora  |b cd  |2 rdasoporte 
502 |a ITESO Reporte de Servicio Social de Licenciatura en Ciencias de la Educación 
649 |a XX 
650 |a Indígenas de México -  |x Condiciones Sociales y Culturales 
650 |a Conflicto Social -  |z Chiapas 
650 |a Organizaciones No Gubernamentales -  |z Chiapas 
650 |a Asociaciones Civiles -  |z Chiapas 
650 |a Educación para la Paz -  |z Chiapas 
650 |a Intervención Social -  |z Chiapas 
650 |a Animación Sociocultural -  |z Chiapas 
650 |a Educación No Formal e Informal -  |z Chiapas 
910 |a Fondo General 
920 |a Electrónicos - Tesis del ITESO en Disco 
905 |a 202 
901 |a 0500124183  |b IT2  |c STS  |u 20250521 
902 |a https://opac.biblio.iteso.mx/vufind/Record/000183524